000 00806nam a2200241Ia 4500
003 OSt
005 20220923225311.0
006 a|||||r|||| 00| 0
007 ta
008 220922b |||||||| |||| 00| 0 hin d
024 _a262,257
037 _cTextual
040 _aARTS
_cARTS
_bhin
041 _2hin
_ahin
082 _aO15 Lgx1,1, 152L8
100 _aभरत मुनि; शर्मा, सत्यप्रकाश, संपा.
_9168582
245 0 _aनाट्यशास्त्रम
246 _aNāṭyashāstrama
260 _c1978
650 _aसंस्कृत साहित्य
942 _hO15 Lgx1,1, 152L8
_cTEXL
_2CC
999 _c377351
_d377351